Baroja (Record no. 66238)

MARC details
000 -LEADER
campo de control de longitud fija 00690nam a2200205 i 4500
001 - NÚMERO DE CONTROL
campo de control 66238
003 - IDENTIFICADOR DE NÚMERO DE CONTROL
campo de control ES-MaACL
005 - FECHA Y HORA DE LA ÚLTIMA TRANSACCIÓN
campo de control 20251114103301.0
007 - CAMPO FIJO DE DESCRIPCIÓN FÍSICA--INFORMACIÓN GENERAL
campo de control de longitud fija t|
008 - DATOS DE LONGITUD FIJA--INFORMACIÓN GENERAL
campo de control de longitud fija 040129s1976 xxu ||||1| spa d
100 1# - ENTRADA PRINCIPAL--NOMBRE DE PERSONA
Nombre de persona Galbis, Ignacio R. M.
9 (RLIN) 53341
245 10 - MENCIÓN DEL TÍTULO
Título Baroja
Resto del título : el lirismo de tono menor /
Mención de responsabilidad, etc. Ignacio R.M. Galbis.
260 ## - PUBLICACIÓN, DISTRIBUCIÓN, ETC.
Lugar de publicación, distribución, etc. New York :
Nombre del editor, distribuidor, etc. Eliseo Torres & Sons,
Fecha de publicación, distribución, etc. [1976]
300 ## - DESCRIPCIÓN FÍSICA
Extensión 243 p. ;
Dimensiones 21 cm.
490 1# - MENCIÓN DE SERIE
Mención de serie Torres library of literary studies ;
Designación de volumen o secuencia 27
600 14 - PUNTO DE ACCESO ADICIONAL DE MATERIA--NOMBRE DE PERSONA
Nombre de persona Baroja, Pío,
Fechas asociadas al nombre 1872-1956-
Subdivisión general Crítica e interpretación
9 (RLIN) 25756
830 0# - PUNTO DE ACCESO ADICIONAL DE SERIE-TÍTULO UNIFORME
Título uniforme Torres Library of Literary Studies
Designación de volumen o secuencia 27
9 (RLIN) 182740
852 ## - LOCALIZACIÓN
Ubicación ES-MaACL
Número de control de estantería L-6799
Sublocalización o colección R.107601
Holdings
Estatus retirado Estado de pérdida Estado de daño No para préstamo Biblioteca de origen Biblioteca actual Ubicación en estantería Fecha de adquisición Fuente de adquisición Total de préstamos Signatura topográfica completa Código de barras Visto por última vez Precio de reemplazo Tipo de ítem Koha
        Biblioteca del Ateneo de Madrid Biblioteca del Ateneo de Madrid Depósito 2 17/01/2008     L-6799 1069396 23/02/2023 23/02/2023 Libro impreso